|
|
|
|
| LEADER |
02022nam a22005655i 4500 |
| 001 |
978-1-4020-4696-4 |
| 003 |
DE-He213 |
| 005 |
20151204175239.0 |
| 007 |
cr nn 008mamaa |
| 008 |
100301s2006 ne | s |||| 0|eng d |
| 020 |
|
|
|a 9781402046964
|9 978-1-4020-4696-4
|
| 024 |
7 |
|
|a 10.1007/1-4020-4696-0
|2 doi
|
| 040 |
|
|
|d GrThAP
|
| 050 |
|
4 |
|a TA405-409.3
|
| 050 |
|
4 |
|a QA808.2
|
| 072 |
|
7 |
|a TG
|2 bicssc
|
| 072 |
|
7 |
|a TEC009070
|2 bisacsh
|
| 072 |
|
7 |
|a TEC021000
|2 bisacsh
|
| 082 |
0 |
4 |
|a 620.1
|2 23
|
| 100 |
1 |
|
|a Preumont, A.
|e author.
|
| 245 |
1 |
0 |
|a Mechatronics
|h [electronic resource] :
|b Dynamics of Electromechanical and Piezoelectric Systems /
|c by A. Preumont.
|
| 264 |
|
1 |
|a Dordrecht :
|b Springer Netherlands,
|c 2006.
|
| 300 |
|
|
|a XVI, 200 p.
|b online resource.
|
| 336 |
|
|
|a text
|b txt
|2 rdacontent
|
| 337 |
|
|
|a computer
|b c
|2 rdamedia
|
| 338 |
|
|
|a online resource
|b cr
|2 rdacarrier
|
| 347 |
|
|
|a text file
|b PDF
|2 rda
|
| 505 |
0 |
|
|a Lagrangian dynamics of mechanical systems -- Dynamics of electrical networks -- Electromechanical systems -- Piezoelectric systems -- Piezoelectric laminates -- Active and passive damping with piezoelectric transducers.
|
| 650 |
|
0 |
|a Engineering.
|
| 650 |
|
0 |
|a Continuum mechanics.
|
| 650 |
|
0 |
|a Structural mechanics.
|
| 650 |
|
0 |
|a Vibration.
|
| 650 |
|
0 |
|a Dynamical systems.
|
| 650 |
|
0 |
|a Dynamics.
|
| 650 |
|
0 |
|a Automotive engineering.
|
| 650 |
|
0 |
|a Control engineering.
|
| 650 |
|
0 |
|a Robotics.
|
| 650 |
|
0 |
|a Mechatronics.
|
| 650 |
1 |
4 |
|a Engineering.
|
| 650 |
2 |
4 |
|a Continuum Mechanics and Mechanics of Materials.
|
| 650 |
2 |
4 |
|a Structural Mechanics.
|
| 650 |
2 |
4 |
|a Vibration, Dynamical Systems, Control.
|
| 650 |
2 |
4 |
|a Automotive Engineering.
|
| 650 |
2 |
4 |
|a Control, Robotics, Mechatronics.
|
| 710 |
2 |
|
|a SpringerLink (Online service)
|
| 773 |
0 |
|
|t Springer eBooks
|
| 776 |
0 |
8 |
|i Printed edition:
|z 9781402046957
|
| 856 |
4 |
0 |
|u http://dx.doi.org/10.1007/1-4020-4696-0
|z Full Text via HEAL-Link
|
| 912 |
|
|
|a ZDB-2-ENG
|
| 950 |
|
|
|a Engineering (Springer-11647)
|